[Event "ITA-ch U20"]
[Site "Bratto"]
[Date "2006.08.24"]
[Round "6"]
[White "Pomaro, Alberto"]
[Black "Lai, Luca"]
[Result "1-0"]
[WhiteElo "2046"]
[BlackElo "1877"]
[PlyCount "59"]
[EventDate "2006.08.19"]
[EventType "swiss"]
[EventRounds "9"]
[EventCountry "ITA"]
[SourceTitle "CBM 113 Extra"]
[Source "ChessBase"]
[SourceDate "2006.09.14"]
[SourceVersion "1"]
[SourceVersionDate "2006.09.14"]
[SourceQuality "1"]

1. d4 Nf6 2. c4 g6 3. Nc3 Bg7 4. e4 d6 5. f3 0-0 6. Be3 Nc6 7. Nge2 e5 8. d5 Ne7 9. Qd2 Re8 10. g4 a6 11. Ng3 b5 12. h4 b4 13. Nd1 c5 14. h5 Kf8 15. hxg6 hxg6 16. Bh6 Neg8 17. Bxg7+ Kxg7 18. Ne3 Nh7 19. 0-0-0 Ng5 20. Bg2 a5 21. Rh2 Bd7 22. Rdh1 Qf6 23. Nef5+ Bxf5 24. exf5 Kf8 25. Ne4 Nxe4 26. fxe4 gxf5 27. gxf5 Ke7 28. Bf3 Kd7 29. Rh7 Ne7 30. R1h6 1-0

[Event "ITA-ch U20"]
[Site "Bratto"]
[Date "2006.08.22"]
[Round "4"]
[White "Bellemo, Davide"]
[Black "Lai, Luca"]
[Result "1-0"]
[WhiteElo "2093"]
[BlackElo "1877"]
[PlyCount "45"]
[EventDate "2006.08.19"]
[EventType "swiss"]
[EventRounds "9"]
[EventCountry "ITA"]
[SourceTitle "CBM 113 Extra"]
[Source "ChessBase"]
[SourceDate "2006.09.14"]
[SourceVersion "1"]
[SourceVersionDate "2006.09.14"]
[SourceQuality "1"]

1. d4 d5 2. c4 e5 3. dxe5 d4 4. Nf3 Nc6 5. g3 Be6 6. Nbd2 Qd7 7. Bg2 0-0-0 8. 0-0 h5 9. a3 Nge7 10. b4 Nf5 11. c5 h4 12. g4 h3 13. Bh1 Nd6 14. exd6 Bb3 15. Ne5 Nxe5 16. Qxb3 d3 17. Bf3 dxe2 18. Bxe2 cxd6 19. Nc4 Nxg4 20. Qg3 Nf6 21. Nxd6+ Bxd6 22. cxd6 Kb8 23. Bf3 1-0

[Event "ITA-ch U20"]
[Site "Bratto"]
[Date "2005.08.21"]
[Round "2"]
[White "Lai, Luca"]
[Black "Gallucci, Alessio"]
[Result "1-0"]
[WhiteElo "1871"]
[BlackElo "1656"]
[PlyCount "95"]
[EventDate "2005.08.20"]
[EventType "swiss"]
[EventRounds "9"]
[EventCountry "ITA"]
[SourceTitle "EXT 2006"]
[Source "ChessBase"]
[SourceDate "2005.11.24"]
[SourceVersion "1"]
[SourceVersionDate "2005.11.24"]
[SourceQuality "1"]

1. e4 c5 2. b4 b6 3. f4 Bb7 4. d3 d5 5. e5 e6 6. Nf3 Ne7 7. bxc5 bxc5 8. Nc3 Nbc6 9. Rb1 Rb8 10. g4 Ng6 11. Bh3 Nd4 12. 0-0 Nxf3+ 13. Qxf3 Be7 14. g5 Nh4 15. Qh5 Nf5 16. Bxf5 exf5 17. e6 g6 18. exf7+ Kxf7 19. Qf3 Qd7 20. Rxb7 Rxb7 21. Nxd5 Rd8 22. c4 Rb1 23. Re1 Re8 24. Qh3 Bf8 25. Rf1 Bg7 26. Be3 Rxf1+ 27. Kxf1 Qb7 28. Bxc5 Qb1+ 29. Kg2 Re2+ 30. Bf2 Qc2 31. Qf3 Rxf2+ 32. Qxf2 Qxf2+ 33. Kxf2 a5 34. Ke3 a4 35. d4 a3 36. Nb4 Ke6 37. Kd3 Bf8 38. c5 h6 39. h4 hxg5 40. hxg5 Be7 41. Kc4 Bd8 42. d5+ Kd7 43. Kb3 Bc7 44. Nd3 Bd6 45. Kxa3 Bxc5+ 46. Nxc5+ Kd6 47. Nd3 Kxd5 48. Ne5 1-0

[Event "Cagliari Bitti Memorial-B 1st"]
[Site "Cagliari"]
[Date "2001.03.31"]
[Round "4"]
[White "Boi, Giuseppe"]
[Black "Lai, Luca"]
[Result "1-0"]
[WhiteElo "1509"]
[BlackElo "1542"]
[PlyCount "121"]
[EventDate "2001.03.17"]
[EventType "swiss"]
[EventRounds "7"]
[EventCountry "ITA"]
[SourceTitle "EXT 2023"]
[Source "ChessBase"]
[SourceDate "2022.10.05"]
[SourceVersion "1"]
[SourceVersionDate "2022.10.05"]
[SourceQuality "1"]

1. e4 e5 2. Nf3 Nc6 3. Bb5 Bc5 4. d3 a6 5. Bxc6 dxc6 6. Qe2 Qd6 7. a3 Ne7 8. Nbd2 Be6 9. Nf1 0-0 10. Ng3 f5 11. exf5 Nxf5 12. Ne4 Nd4 13. Nxd6 Nxe2 14. Ne4 Nd4 15. Nxc5 Nxc2+ 16. Kd1 Nxa1 17. Nxe6 Rf6 18. Nc5 b6 19. Nd7 Rg6 20. Ndxe5 Rxg2 21. Be3 c5 22. Nh4 Re8 23. Nxg2 Rxe5 24. Ke2 Nb3 25. Kd1 Rd5 26. Kc2 Nd4+ 27. Bxd4 cxd4 28. f4 Rc5+ 29. Kd2 a5 30. Re1 Rb5 31. Kc1 Kf7 32. Re4 Rd5 33. Ne1 c5 34. Nf3 h6 35. Kc2 Rh5 36. Kd2 Rd5 37. Re5 Rxe5 38. Nxe5+ Ke6 39. Ke2 Kf5 40. Kf3 Ke6 41. Nc4 b5 42. Nxa5 Kd5 43. b3 h5 44. Kg3 Kd6 45. Nb7+ Kc6 46. Nxc5 Kxc5 47. Kh4 Kd6 48. Kxh5 Ke6 49. a4 bxa4 50. bxa4 Kd6 51. Kg6 Kc5 52. a5 Kb5 53. a6 Kxa6 54. Kxg7 Kb5 55. f5 Kb4 56. f6 Kc3 57. f7 Kxd3 58. f8Q Kc3 59. Qf1 d3 60. Qd1 d2 61. h4 1-0

[Event "Cagliari Province-ch"]
[Site "Sinnai"]
[Date "2001.01.21"]
[Round "3"]
[White "Lai, Luca"]
[Black "Stefanini, Simone"]
[Result "0-1"]
[WhiteElo "1542"]
[BlackElo "1603"]
[PlyCount "36"]
[EventDate "2001.01.20"]
[EventType "swiss"]
[EventRounds "7"]
[EventCountry "ITA"]
[SourceTitle "EXT 2023"]
[Source "ChessBase"]
[SourceDate "2022.10.05"]
[SourceVersion "1"]
[SourceVersionDate "2022.10.05"]
[SourceQuality "1"]

1. e4 d5 2. exd5 Nf6 3. Nc3 Nxd5 4. Bc4 Nb6 5. Bb3 Nc6 6. Nf3 Bf5 7. d3 e6 8. Bf4 Bd6 9. Qd2 a6 10. Ne4 Bxf4 11. Qxf4 Qe7 12. a3 0-0-0 13. 0-0 Nd4 14. Rfe1 Nxb3 15. cxb3 Rxd3 16. Rac1 Bxe4 17. Rxc7+ Qxc7 18. Rc1 Rd1+ 0-1

[Event "Cagliari Province-ch"]
[Site "Sinnai"]
[Date "2001.01.20"]
[Round "1"]
[White "Lai, Luca"]
[Black "Giannoni, Federico"]
[Result "1-0"]
[WhiteElo "1542"]
[BlackElo "1750"]
[PlyCount "49"]
[EventDate "2001.01.20"]
[EventType "swiss"]
[EventRounds "7"]
[EventCountry "ITA"]
[SourceTitle "EXT 2023"]
[Source "ChessBase"]
[SourceDate "2022.10.05"]
[SourceVersion "1"]
[SourceVersionDate "2022.10.05"]
[SourceQuality "1"]

1. e4 e6 2. d4 c5 3. Nf3 cxd4 4. Nxd4 Nc6 5. Nxc6 bxc6 6. Nc3 d6 7. Bc4 Nf6 8. Bg5 Be7 9. Qd3 d5 10. Bxf6 Bxf6 11. exd5 cxd5 12. Bb5+ Bd7 13. 0-0 0-0 14. Bxd7 Qxd7 15. Rad1 Qc6 16. Rfe1 Bxc3 17. Qxc3 Qxc3 18. bxc3 Rfc8 19. Re3 Rc4 20. Rb1 Rac8 21. Rb3 d4 22. cxd4 Rxc2 23. h3 Rxa2 24. Rec3 Rxc3 25. Rb8+ 1-0